000 00384nam a2200133Ia 4500
008 220217s9999||||xx |||||||||||||| ||und||
020 _a81-203-2589-3
082 _a621.384 8 SAL
100 _aSallivan, Roger, J
245 0 _aRadar foundations for imaging and advanced concepts
260 _aPrentice hall of india
_bNew Delhi
_c2004
300 _b295
650 _aRADAR
_92033
999 _c173413
_d173413